00466nam a2200181 u 45000010006000000050017000060080041000230350010000640350021000740410008000950820008001031000030001112450038001412500010001792600053001893000018002426500024002603218320260428111711.0960313s1944 spa  a32183 a(OCoLC)434309588 aspa 4a32710aWeigert, Hans W4auteaut10aGeopolitica generales y geografos a02.ED aMéxico :bFondo de Cultura Económica,c1944. a275 páginas 7aGeopolítica2lemb